Can You Guess the Most Well-Known Countries? - Statistics

General Stats
  • This quiz has been taken 35 times
  • The average score is 9 of 10
Answer Stats
Percent Guessed Country % Correct
88% China
100%
96% United Kingdom
100%
96% Canada
96%
93% France
96%
92% Russia
96%
98% United States of America
96%
92% Italy
93%
89% Japan
89%
94% Australia
82%
89% Brazil
82%
No matching quizzes found
Score Distribution
Percent of People with Each Score
Percentile by Number Answered
Your Score History
You have not taken this quiz